| 000 | 00469nam a2200157Ia 4500 | ||
|---|---|---|---|
| 008 | 210716s1993 xx 000 0 und d | ||
| 020 | _a0256113092 | ||
| 041 | _aeng | ||
| 082 | _a658.56 CHAR | ||
| 100 | _aChase, Richard B;Aquilano, Nicholas, J. | ||
| 245 |
_aProduction & operations management: a life cycle approach. _bLife cycle approach. |
||
| 250 | _a6 | ||
| 260 |
_aBoston _bIrwin _c1993 |
||
| 300 | _axxvi,1062 | ||
| 650 | _aProduction & Operations Management | ||
| 999 |
_c206061 _d206061 |
||